书目信息 |
| 题名: |
中国城市土地快速变化的特征与机制
|
|
| 作者: | 毛蒋兴 , 闫小培 著 | |
| 分册: | ||
| 出版信息: | 南京 南京大学出版社 2009.01 |
|
| 页数: | 282页 | |
| 开本: | 26cm | |
| 丛书名: | 中国城市规划与建筑学术文库 | |
| 单 册: | ||
| 中图分类: | F299.232 | |
| 科图分类: | ||
| 主题词: | 城市--cheng shi--土地利用--研究--中国 | |
| 电子资源: | ||
| ISBN: | 978-7-305-05681-9 | |
| 000 | 01358nam 2200289 450 | |
| 001 | 012009405992 | |
| 005 | 20090621150735.67 | |
| 010 | @a978-7-305-05681-9@dCNY49.00 | |
| 100 | @a20090621d2009 em y0chiy0120 ea | |
| 101 | 0 | @achi |
| 102 | @aCN@b320000 | |
| 105 | @aab z 000yy | |
| 106 | @ar | |
| 200 | 1 | @a中国城市土地快速变化的特征与机制@Azhong guo cheng shi tu di kuai su bian hua de te zheng yu ji zhi@e以深圳为例@f毛蒋兴, 闫小培著@Fmao jiang xing,yan xiao pei zhu |
| 210 | @a南京@c南京大学出版社@d2009.01 | |
| 215 | @a282页@c图, 地图@d26cm | |
| 225 | 2 | @a中国城市规划与建筑学术文库@Azhong guo cheng shi gui hua yu jian zhu xue shu wen ku |
| 300 | @a广西师范学院人口、资源与环境经济学硕士点学科建设成果广西高校人才小高地 (资源与环境科学创新团体) 研究成果 | |
| 330 | @a本书以深圳为例全面揭示了快速城市化过程中的土地利用变化特征,并从土地利用空间分布、空间转移、土地新增和土地利用变化速度等多角度阐释了地形、景观城市化水平、交通、行政中心和人口与经济政策及制度等因素对深圳土地利用变化的影响作用规律及机制等内容。 | |
| 410 | 0 | @12001 @a中国城市规划与建筑学术文库 |
| 517 | 1 | @a以深圳为例@Ayi shen zhen wei li |
| 606 | 0 | @a城市@Acheng shi@x土地利用@x研究@y中国 |
| 690 | @aF299.232@v4 | |
| 701 | 0 | @a毛蒋兴@Amao jiang xing@4著 |
| 701 | 0 | @a闫小培@Ayan xiao pei@4著 |
| 801 | 0 | @aCN@bQSSK@c20090621 |
| 905 | @b744823-24@dF299.232@eM345@f2 | |
| 中国城市土地快速变化的特征与机制:以深圳为例/毛蒋兴, 闫小培著.-南京:南京大学出版社,2009.01 |
| 282页:图, 地图;26cm.-(中国城市规划与建筑学术文库) |
| 广西师范学院人口、资源与环境经济学硕士点学科建设成果广西高校人才小高地 (资源与环境科学创新团体) 研究成果 |
| ISBN 978-7-305-05681-9:CNY49.00 |
| 本书以深圳为例全面揭示了快速城市化过程中的土地利用变化特征,并从土地利用空间分布、空间转移、土地新增和土地利用变化速度等多角度阐释了地形、景观城市化水平、交通、行政中心和人口与经济政策及制度等因素对深圳土地利用变化的影响作用规律及机制等内容。 |
| ● |
| 相关链接 |
|
|
|
正题名:中国城市土地快速变化的特征与机制
索取号:F299.232/M345
 
预约/预借
| 序号 | 登录号 | 条形码 | 馆藏地/架位号 | 状态 | 备注 |
| 1 | 744823 | 207448234 | 社科库409/409社科库 110排1列2层/ [索取号:F299.232/M345] | 在馆 | |
| 2 | 744824 | 207448243 | 社科库409/409社科库 110排2列1层/ [索取号:F299.232/M345] | 在馆 |